<?xml version="1.0" encoding="UTF-8"?>
<record
    xmlns:xsi="http://www.w3.org/2001/XMLSchema-instance"
    xsi:schemaLocation="http://www.loc.gov/MARC21/slim http://www.loc.gov/standards/marcxml/schema/MARC21slim.xsd"
    xmlns="http://www.loc.gov/MARC21/slim">

  <leader>01288nam a2200265ui 4500</leader>
  <controlfield tag="001">990231290290107026</controlfield>
  <controlfield tag="003">UkOxU</controlfield>
  <controlfield tag="005">20250711113321.0</controlfield>
  <controlfield tag="008">221007s2022    enk|||| |    |||| ||eng d</controlfield>
  <datafield tag="020" ind1=" " ind2=" ">
    <subfield code="a">9781784878092 (pbk.)</subfield>
  </datafield>
  <datafield tag="035" ind1=" " ind2=" ">
    <subfield code="a">(UkOxU)023129029</subfield>
  </datafield>
  <datafield tag="035" ind1=" " ind2=" ">
    <subfield code="a">(UkOxU)023129029BIB01</subfield>
  </datafield>
  <datafield tag="035" ind1=" " ind2=" ">
    <subfield code="a">(StEdALDL)1/4200876</subfield>
  </datafield>
  <datafield tag="040" ind1=" " ind2=" ">
    <subfield code="a">StEdALDL</subfield>
    <subfield code="b">eng</subfield>
    <subfield code="e">rda</subfield>
    <subfield code="c">StEdALDL</subfield>
  </datafield>
  <datafield tag="050" ind1=" " ind2=" ">
    <subfield code="a">PS3515 </subfield>
    <subfield code="b">.E53S9 2014</subfield>
  </datafield>
  <datafield tag="100" ind1=" " ind2=" ">
    <subfield code="a">Hemingway, Ernest</subfield>
    <subfield code="d">1899-1961</subfield>
    <subfield code="9">25736</subfield>
    <subfield code="e">author</subfield>
  </datafield>
  <datafield tag="245" ind1="0" ind2="0">
    <subfield code="a">The sun also rises </subfield>
    <subfield code="c">/ Ernest Hemingway.</subfield>
  </datafield>
  <datafield tag="260" ind1=" " ind2=" ">
    <subfield code="a">London :</subfield>
    <subfield code="b">Vintage,</subfield>
    <subfield code="c">2022.</subfield>
  </datafield>
  <datafield tag="300" ind1=" " ind2=" ">
    <subfield code="a">216 pages ;</subfield>
    <subfield code="c">20 cm.</subfield>
  </datafield>
  <datafield tag="520" ind1=" " ind2=" ">
    <subfield code="a">Paris in the twenties: Pernod, parties and expatriate Americans, loose-living on money from home. Jake is wildly in love with Brett Ashley, aristocratic and irresistibly beautiful, with an abandoned, sensuous nature that she cannot change. When the couple drift to Spain to the dazzle of the fiesta and the heady atmosphere of the Bullfight, their affair is strained by new passions, new jealousies, and Jake must finally learn that he will never possess the woman that he loves.</subfield>
  </datafield>
  <datafield tag="650" ind1=" " ind2="0">
    <subfield code="a">Americans</subfield>
    <subfield code="z">Spain</subfield>
    <subfield code="v">Fiction</subfield>
    <subfield code="9">25737</subfield>
  </datafield>
  <datafield tag="650" ind1=" " ind2="0">
    <subfield code="a">Expatriation</subfield>
    <subfield code="v">Fiction</subfield>
    <subfield code="9">25738</subfield>
  </datafield>
  <datafield tag="651" ind1=" " ind2="0">
    <subfield code="a">Spain</subfield>
    <subfield code="x">History </subfield>
    <subfield code="y">Alfonso XIII, 1886-1931</subfield>
    <subfield code="v">Fiction</subfield>
    <subfield code="9">25739</subfield>
  </datafield>
  <datafield tag="942" ind1=" " ind2=" ">
    <subfield code="2">lcc</subfield>
  </datafield>
  <datafield tag="952" ind1=" " ind2=" ">
    <subfield code="0">0</subfield>
    <subfield code="1">0</subfield>
    <subfield code="2">lcc</subfield>
    <subfield code="4">0</subfield>
    <subfield code="7">0</subfield>
    <subfield code="a">TBS</subfield>
    <subfield code="b">TBS</subfield>
    <subfield code="d">2025-07-11</subfield>
    <subfield code="l">0</subfield>
    <subfield code="o">P-EN HEM</subfield>
    <subfield code="p">B05844</subfield>
    <subfield code="r">2025-07-11</subfield>
    <subfield code="t">1</subfield>
    <subfield code="w">2025-07-11</subfield>
    <subfield code="y">1</subfield>
  </datafield>
  <datafield tag="999" ind1=" " ind2=" ">
    <subfield code="c">4849</subfield>
    <subfield code="d">4849</subfield>
  </datafield>
</record>
